00425nam a2200145Ia 4500003000400000005001700004008004100021020002200062041000800084082002400092100004000116245006300156260005100219300000900270OSt20240205110814.0230519s9999 xx 000 0 und d a978-93-88108-95-9 aeng aF/610.73/PAN/DB0881 aPandey Sushma & Muzammil Mohd. Atif aPrinciples and Procedures of Nursing Foundations Volume- I bCBS Publishers & DistributorsaNew Delhic2020 a372p